Loading...
| Fine Arts - Classical Music | 0 | 14 | 1 | 1 | 135 | 58 | 92.71 | 6 | 8 | 0.00 | 0.00 |
| Science - Chemistry | 0 | 11 | 2 | 1 | 100 | 61 | 81.00 | 3 | 6 | 0.00 | 0.00 |
| Literature - World | 0 | 8 | 0 | 2 | 80 | 74 | 113.00 | 1 | 3 | 0.00 | 0.00 |
| Science - Other | 0 | 8 | 1 | 2 | 75 | 50 | 94.00 | 0 | 2 | 0.00 | 0.00 |
| Science - Biology | 0 | 8 | 1 | 1 | 75 | 53 | 95.00 | 0 | 0 | 0.00 | 0.00 |
| Literature - European | 0 | 8 | 4 | 0 | 60 | 50 | 96.88 | 1 | 2 | 0.00 | 0.00 |
| Science - Physics | 0 | 8 | 5 | 1 | 55 | 46 | 79.63 | 2 | 3 | 0.00 | 0.00 |
| Literature - British | 0 | 6 | 1 | 0 | 55 | 59 | 104.17 | 0 | 2 | 0.00 | 0.00 |
| Social Science | 0 | 3 | 0 | 2 | 30 | 119 | 127.33 | 0 | 0 | 0.00 | 0.00 |
| Fine Arts - Other | 0 | 3 | 0 | 1 | 30 | 77 | 112.67 | 0 | 0 | 0.00 | 0.00 |
| Literature - American | 0 | 3 | 2 | 0 | 20 | 107 | 114.67 | 0 | 1 | 0.00 | 0.00 |
| Philosophy | 0 | 2 | 1 | 1 | 15 | 105 | 119.00 | 0 | 0 | 0.00 | 0.00 |
| Current Events | 0 | 1 | 0 | 0 | 10 | 132 | 132.00 | 0 | 0 | 0.00 | 0.00 |
| Painting & Sculpture | 0 | 1 | 1 | 0 | 5 | 72 | 72.00 | 0 | 0 | 0.00 | 0.00 |
| History - American | 0 | 1 | 1 | 0 | 5 | 67 | 67.00 | 0 | 0 | 0.00 | 0.00 |